000 00514nam a22001577a 4500
003 NUST
038 _aNusrat Nadeem
082 _a200
100 _aSana, Maaza
_9131621
245 _aDiagnostic and Therapeutic Interventions for Crimean Congo Hemorrhagic Fever Virus/
_cMaaza Sana
264 _aIslamabad:
_bASAB NUST.
_c2025.
650 _aPhD- Applied Biosciences
_9123210
700 _aSupervisor: Dr. Aneela Javed
_9122394
856 _uhttp://10.250.8.41:8080/xmlui/handle/123456789/55446
942 _2ddc
_cSC
999 _c615249
_d615249